| 000 | 01525nam a22002657a 4500 | ||
|---|---|---|---|
| 003 | NALT | ||
| 005 | 20250123093836.0 | ||
| 008 | s2545 th tha d | ||
| 040 | _aNALT | ||
| 041 | _atha | ||
| 090 | _aว KS73 ว711ก 2545 | ||
| 100 | 0 | _aวิโรจน์ พหลเวชช์ | |
| 245 | 1 | 0 | _aการจัดระเบียบสังคม : ศึกษาเฉพาะกรณีการบังคับใช้กฎหมายที่เกี่ยวกับการควบคุมสถานบริการของเจ้าหน้าที่ตำรวจในเขตกรุงเทพมหานคร |
| 260 | 3 |
_aกรุงเทพฯ : _bวิทยาลัยป้องกันราชอาณาจักร, _c2545 |
|
| 300 |
_a128 หน้า : _b ตาราง ; _c 30 ซม. |
||
| 650 | 0 | 4 | _aกลุ่มผลประโยชน์ |
| 650 | 0 | 4 | _aตำรวจ -- อำนาจหน้าที่ |
| 650 | 0 | 4 | _aการจัดระเบียบสังคม -- วิจัย |
| 650 | 0 | 4 | _aการบังคับใช้กฎหมาย |
| 650 | 0 | 4 | _aสถานบริการ -- กฎหมายและระเบียบข้อบังคับ -- วิจัย |
| 650 | 0 | 4 | _aการควบคุมทางสังคม |
| 850 | _aNALT | ||
| 942 |
_cRSH _2lcc |
||
| 998 |
_bBENJALUCK _j111 _k นางสาวพจพิณ พรมเอี่ยม |
||
| 999 |
_c31730 _d31730 |
||